| 000 | 00381nam a22001577a 4500 | ||
|---|---|---|---|
| 003 | SGT | ||
| 020 | _a978-93-5433-913-4 | ||
| 082 |
_a658 _bRAO |
||
| 100 | _aRAO, P. SUBBA | ||
| 245 | _aESSENTIALS OF HUMAN RESOURCE MANAGEMENT AND INDUSTRIAL RELATIONS | ||
| 250 | _a6TH | ||
| 260 |
_aINDIA _bHIMALAYA PUB. _c2023 |
||
| 300 | _a664 | ||
| 650 | _aHR MANAGEMENT | ||
| 942 |
_2ddc _cBK |
||
| 999 |
_c25719 _d25719 |
||